Catálogo

MARKETING DE SERVICIOS (Registro nro. 58178)

Detalles MARC
000 -LEADER
fixed length control field 01004nam a2200205 a 4500
001 - CONTROL NUMBER
control field 58178
005 - DATE AND TIME OF LATEST TRANSACTION
control field 20180714054701.0
008 - FIXED-LENGTH DATA ELEMENTS--GENERAL INFORMATION
fixed length control field 140415s2005 mx 000 0 spa d
020 ## - INTERNATIONAL STANDARD BOOK NUMBER
International Standard Book Number 9702407621
041 ## - LANGUAGE CODE
Language code of text/sound track or separate title spa
082 ## - DEWEY DECIMAL CLASSIFICATION NUMBER
Classification number 658.809
Item number WIT
100 1# - MAIN ENTRY--PERSONAL NAME
Personal name WITHERS, JEAN
245 10 - TITLE STATEMENT
Title MARKETING DE SERVICIOS
250 ## - EDITION STATEMENT
Edition statement 1a ed.
260 ## - PUBLICATION, DISTRIBUTION, ETC.
Place of publication, distribution, etc. MEXICO :
Name of publisher, distributor, etc. GRUPO PATRIA CULTURAL,
Date of publication, distribution, etc. 2005
300 ## - PHYSICAL DESCRIPTION
Extent 569
Dimensions 16.1 x 1.5 x 23.2
520 ## - SUMMARY, ETC.
Summary, etc. ESTA OBRA ES UNA GUIA COMPLETA Y PRACTICA PARA TODOS AQUELLOS DUEÑOS DE NEGOCIOS DE SERVICIOS Y PROFESIONISTAS INDEPENDIENTES, QUE DESEAN IMPLANTAR EN SU EMPRESA O NEGOCIO ACCIONES DE MERCADOTECNIA CONCRETAS, VIABLES Y CON EXITO PROBADO . LOS AUTORES INCLUYEN EN ESTE LIBRO MAS DE 30 FORMATOS PARA QUE DESARROLLE SUS PROPIOS PLANES DE TRABAJO , QUE LO LLEVARAN A COMERCIALIZAR SU SERVICIO DE UNA MANERA EXITOSA Y REDITUABLE.
650 14 - SUBJECT ADDED ENTRY--TOPICAL TERM
Topical term or geographic name entry element CIENCIAS ADMINISTRATIVAS
General subdivision ESTRATEGIA MERCADOTECNIA
-- PEQUEA EMPRESA
700 1# - ADDED ENTRY--PERSONAL NAME
Personal name VIPPERMAN, CAROL
Relator term coaut.
Existencias
Withdrawn status Lost status Source of classification or shelving scheme Damaged status Not for loan Collection code Home library Current library Shelving location Date acquired Source of acquisition Inventory number Total Checkouts Full call number Barcode Date last seen Date last checked out Price effective from Koha item type Total Renewals
    Dewey Decimal Classification     General Biblioteca Karol Wojtyla Biblioteca Karol Wojtyla Sala general 03/12/2013 Compra 151000000000000000029514 1 658.8 WIT 3450 05/01/2026 25/10/2019 03/12/2013 Libro  
    Dewey Decimal Classification     General Biblioteca Karol Wojtyla Biblioteca Karol Wojtyla Sala general 03/12/2013 Compra 151000000000000000029605 4 658.809 WIT 87727 05/01/2026 19/08/2019 03/12/2013 Libro 1